[Event "DSOL 02 Liga Gr-B 1st"]
[Site "Playchess.com INT"]
[Date "2020.08.07"]
[Round "7.3"]
[White "Adelberger, Georg"]
[Black "Kondziella, Stephan"]
[Result "1-0"]
[WhiteElo "1906"]
[BlackElo "1883"]
[PlyCount "67"]
[EventDate "2020.06.22"]
[EventType "team-tourn (rapid)"]
[EventCountry "GER"]
[SourceTitle "EXT 2021"]
[Source "ChessBase"]
[SourceDate "2020.10.23"]
[SourceVersion "1"]
[SourceVersionDate "2020.10.23"]
[SourceQuality "1"]
[WhiteTeam "Kreuzberg"]
[BlackTeam "Wrist Kellinghusen"]
[WhiteTeamCountry "GER"]
[BlackTeamCountry "GER"]

1. Nf3 e6 2. d4 f5 3. c4 Nf6 4. Nc3 d5 5. Bg5 c6 6. e3 Be7 7. Ne5 0-0 8. Be2 b6 9. Rc1 Bb7 10. cxd5 exd5 11. Qa4 c5 12. dxc5 bxc5 13. 0-0 Qd6 14. Bf4 Qb6 15. Rfd1 Rd8 16. Qc2 Qe6 17. Na4 Nbd7 18. Nxd7 Nxd7 19. Bf3 Rac8 20. Qb3 Nb6 21. Nxb6 axb6 22. h3 Kh8 23. g4 g6 24. Kh2 Bf6 25. gxf5 gxf5 26. Rg1 Rg8 27. Rcd1 c4 28. Qb5 Rc5 29. Rxg8+ Kxg8 30. Rg1+ Kh8 31. Qa4 Ra5 32. Qb4 Rc5 33. Qa3 Ra5 34. Qf8+ 1-0